Giáo trình kỹ thuật xây dựng văn bản
Trình bày các nội dung cơ bản trong kỹ thuật soạn thảo văn bản hành chính
Đã lưu trong:
| Hovedforfatter: | |
|---|---|
| Format: | Bog |
| Sprog: | Undetermined |
| Udgivet: |
Hà Nội
Công an Nhân dân
2005
|
| Fag: | |
| Tags: |
Tilføj Tag
Ingen Tags, Vær først til at tagge denne postø!
|
| Thư viện lưu trữ: | Trung tâm Học liệu Trường Đại học Cần Thơ |
|---|
| LEADER | 00668nam a2200193Ia 4500 | ||
|---|---|---|---|
| 001 | CTU_116148 | ||
| 008 | 210402s9999 xx 000 0 und d | ||
| 082 | |a 651.29 | ||
| 082 | |b Qu603 | ||
| 100 | |a Nguyễn, Thế Quyền | ||
| 245 | 0 | |a Giáo trình kỹ thuật xây dựng văn bản | |
| 245 | 0 | |c Nguyễn Thế Quyền | |
| 260 | |a Hà Nội | ||
| 260 | |b Công an Nhân dân | ||
| 260 | |c 2005 | ||
| 520 | |a Trình bày các nội dung cơ bản trong kỹ thuật soạn thảo văn bản hành chính | ||
| 650 | |a Office practice,Textology | ||
| 904 | |i Minh | ||
| 980 | |a Trung tâm Học liệu Trường Đại học Cần Thơ | ||